| 000 | 00621nam a2200229Ia 4500 | ||
|---|---|---|---|
| 005 | 20250508154726.0 | ||
| 008 | 008 250505s9999 xx 000 0 eng d | ||
| 037 | _aTextBook | ||
| 040 |
_aFEDL _beng _cFEDL |
||
| 041 |
_aeng _2eng |
||
| 084 |
_a153.15, DEE _qFEDL |
||
| 100 | _aDeese James | ||
| 245 | 0 | _aPsychology of learning | |
| 250 | _a3 | ||
| 260 |
_aNew York, USA _bMcGraw-Hill Book Company _c1958 |
||
| 300 | _aviii,514p | ||
| 365 |
_aINR _b57.24 |
||
| 650 |
_aPsychology-Learning _9764788 |
||
| 700 |
_a Hulse Stewart H _9765940 |
||
| 942 |
_cTB _h153.15, DEE |
||
| 999 |
_c1351811 _d1351811 |
||